Importancia relativa de los académicos y de la academia en la Universidad de Costa Rica (1988-1992) /
Guardado en:
| 主要作者: | |
|---|---|
| 格式: | 图书 |
| 语言: | Spanish |
| 标签: |
添加标签
没有标签, 成为第一个标记此记录!
|
MARC
| LEADER | 00000nam a22000007a 4500 | ||
|---|---|---|---|
| 003 | cru CIDCACS/IIS | ||
| 005 | 20200925161356.0 | ||
| 007 | ta | ||
| 008 | 170727t1996 cr ||||| |||| 00| 0 spa d | ||
| 999 | |c 19511 |d 19511 | ||
| 040 | |c CRAI/IIS |a CRAI/IIS | ||
| 100 | 1 | |9 5059 |a Amador Berrocal, Sonia María | |
| 245 | 1 | |a Importancia relativa de los académicos y de la academia en la Universidad de Costa Rica (1988-1992) / |c Sonia María Amador Berrocal | |
| 300 | |a páginas 41-56: |b tablas | ||
| 773 | 0 | |0 19488 |9 1064 |a Universidad de Costa Rica |d San José, Costa Rica: Editorial Universidad de Costa Rica, 1977- |o 18121 |t Educación: |x 03797082 | |
| 942 | |2 ddc |c PP | ||
